000 01166nam a2200289 a 4500
001 000006020
003 DO-SdBNP
005 20210928101046.0
007 ta
008 970204s 1985 pr 001 0 spa
020 _a0940238322
040 _aDO-SdBNP
_bspa
_cBNPHU
082 4 _aBNPHU 860.4
_bG643p, 1985.
100 1 _aGonzález, José Luis,
_95327
245 1 3 _aEl país de cuatro pisos y otros ensayos /
_cJosé Luis González.
250 _a5a ed.
260 _aRio Piedras, Puerto Rico :
_bHuracán,
_c1985.
300 _a149 p. ;
_c20 cm.
490 1 _aLa nave y el puerto ensayo
490 1 _aEnsayo/crítica
505 0 _aEl país de cuatro pisos --
_gLiteratura e identidad nacional en Puerto Rico --
_gPlebeyismo y arte en el Puerto Rico de hoy --
_gEl escritor en el exilio --
_gEl luchador y sau pueblo /
_rBernardo Vega --
_gRazón y sentido del Lamento Borincano --
_gSobre la literatura puertorriqueña de los cincuenta.
650 1 4 _aLiteratura puertorriqueña
_ySiglo XXI
_95259
650 1 4 _aLiteratura latinoamericana
_ySiglo XXI
_916961
830 0 _aLa nave y el puerto ensayo
_916962
830 0 _aEnsayo/crítica
_916963
942 _2ddc
_cLBS1
999 _c5816
_d5816